书目信息 |
| 题名: |
太有意思了!生活中的物理
|
|
| 作者: | 高盈恺 编著 | |
| 分册: | 2 声音篇 | |
| 出版信息: | 北京 航空工业出版社 2023.08 |
|
| 页数: | 50页 | |
| 开本: | 23cm | |
| 丛书名: | ||
| 单 册: | ||
| 中图分类: | O4-49 , O42-49 | |
| 科图分类: | ||
| 主题词: | 物理学--少年读物 , 声学--少年读物 | |
| 电子资源: | ||
| ISBN: | 978-7-5165-3399-4 | |
| 000 | 01169nam0 2200301 450 | |
| 001 | 0100084463 | |
| 005 | 20250617162110.75 | |
| 010 | @a978-7-5165-3399-4@dCNY25.00 | |
| 035 | @a(O310104BKS)01002023332429 | |
| 039 | @aA310000SHL@bUCS01004524405@c01002023332429 | |
| 100 | @a20240109d2023 cemy0chiy50 ea | |
| 101 | 0 | @achi |
| 102 | @aCN@b110000 | |
| 105 | @aa z 000yy | |
| 106 | @ar | |
| 200 | 1 | @a太有意思了!生活中的物理@9tai you yi si le!sheng huo zhong de wu li@h2@i声音篇@b专著@f高盈恺编著 |
| 210 | @a北京@c航空工业出版社@d2023.08 | |
| 215 | @a50页@c彩图@d23cm | |
| 300 | @a彩虹糖童书馆 | |
| 330 | @a本书用通俗易懂的文字,配合孩子们喜闻乐见的漫画,生动地讲解了声音的产生、传播、接收和应用等方面的物理知识。这些知识与孩子们熟悉的生活现象紧密关联,让他们在阅读时不但不会产生距离感,还会读得津津有味、欲罢不能,更会在不知不觉中对物理学科产生浓厚的兴趣,为将来学习物理打下最初的基础。 | |
| 333 | @a青少年 | |
| 606 | 0 | @a物理学@j少年读物 |
| 606 | 0 | @a声学@j少年读物 |
| 690 | @aO4-49@v5 | |
| 690 | @aO42-49@v5 | |
| 701 | 0 | @a高盈恺@9gao ying kai@4编著 |
| 801 | 0 | @aCN@b人天书店@c20250616 |
| 905 | @b1624799-800@b216248004@dO4-49@e1421:2@f2 | |
| 太有意思了!生活中的物理.2.声音篇/高盈恺编著.-北京:航空工业出版社,2023.08 |
| 50页:彩图;23cm |
| 彩虹糖童书馆.-使用对象:青少年 |
| ISBN 978-7-5165-3399-4:CNY25.00 |
| 本书用通俗易懂的文字,配合孩子们喜闻乐见的漫画,生动地讲解了声音的产生、传播、接收和应用等方面的物理知识。这些知识与孩子们熟悉的生活现象紧密关联,让他们在阅读时不但不会产生距离感,还会读得津津有味、欲罢不能,更会在不知不觉中对物理学科产生浓厚的兴趣,为将来学习物理打下最初的基础。 |
| ● |
| 相关链接 |
|
|
|
|
正题名:太有意思了!生活中的物理
索取号:O4-49/1421:2
 
预约/预借
| 序号 | 登录号 | 条形码 | 馆藏地/架位号 | 状态 | 备注 |
| 1 | 1624799 | 216247997 | 第二样本阅览室/ [索取号:O4-49/1421:2] | 在馆 | |
| 2 | 1624800 | 216248004 | 第三借阅区/ [索取号:O4-49/1421:2] | 在馆 |